000 00779nam a2200277 i 4500
001 C2-0332569
003 PPAK
005 20180728132740.0
008 150806s2015 my a|||| ||||| | may d
020 _a9789673871629
040 _aPPAK
_beng
_cPPAK
_erda
082 0 4 _a499.2386
_223
090 0 0 _a499.2386
_bANI
_dK
100 0 _aAniq Syafiq Mohd Syahrul,
_eauthor
245 1 0 _aTerpedaya
264 1 _aRawang, Selangor :
_bPustaka Minda Aktif ,
_c2015
300 _a16 pages :
_bcolour illustrations ;
_c29 cm
336 _2rdacontent
_atext
337 _2rdamedia
_aunmediated
338 _2rdacarrier
_avolume
490 1 _aSiri tajam akal
500 _aIncludes questions
650 1 0 _aMalay language - Readers.
830 0 _aSiri tajam akal
942 _ddc
_cB
999 _c131208
_d131208